01006nam a22001935i 4500001000700000003000900007005001700016008004100033040003000074100003800104245011800142260007100260300004100331490006800372505023000440650002500670830006800695852004900763158530ES-MaACL20250809023754.0991028s1889 fr |||| | fre d aCCPB | B bspa cCCPB | B1 aMaine, Henry Sumner (d1822-1888)10aÉtudes sur l'histoire du droit / cpar Henry Sumner Maine ; traduit de l'anglais avec autorisation de l'auteur. aParis : bErnest Thorin, éd., c1889 (fImp. A. Chauvin et fils) a[2], LXXVIII, [2], 704 p. ; c21 cm.1 aBibliothèque de l'histoire du droit et des institutions ; v58 aContiene: Les communautés de village en orient et en occident ; L'Inde et les idées de l'Europe moderne : théorie de la preuve ; Le droit romain et l'éducation juridique; La famille patriarcale: l'Inde et l'Angleterre 7aDerecho-vHistoria20 aBibliothèque de l'histoire du droit et des institutions ; v5 aES-MaACLjF-12730 z-- Enc. pasta española